| 000 -LEADER |
| fixed length control field |
00600nam a2200205Ia 4500 |
| 001 - CONTROL NUMBER |
| control field |
7862 |
| 003 - CONTROL NUMBER IDENTIFIER |
| control field |
GE_BSU |
| 005 - DATE AND TIME OF LATEST TRANSACTION |
| control field |
20221114162058.0 |
| 008 - FIXED-LENGTH DATA ELEMENTS--GENERAL INFORMATION |
| fixed length control field |
181216s2010en xx |||||||||||||| ||eng|| |
| 020 ## - INTERNATIONAL STANDARD BOOK NUMBER |
| International Standard Book Number |
9780582507333ხ |
| 040 ## - CATALOGING SOURCE |
| Transcribing agency |
GE_BSU |
| 080 ## - UNIVERSAL DECIMAL CLASSIFICATION NUMBER |
| Universal Decimal Classification number |
811.111(075) M-25 |
| 100 ## - MAIN ENTRY--PERSONAL NAME |
| Personal name |
Mann,Richard |
| 9 (RLIN) |
14856 |
| 245 ## - TITLE STATEMENT |
| Title |
New proficiency GOLD Exam maximizer / |
| Statement of responsibility, etc. |
Richard Mann. |
| 264 ## - PRODUCTION, PUBLICATION, DISTRIBUTION, MANUFACTURE, AND COPYRIGHT NOTICE |
| Place of production, publication, distribution, manufacture |
Edinburgh : |
| Name of producer, publisher, distributor, manufacturer |
Longman, |
| Date of production, publication, distribution, manufacture, or copyright notice |
2010. |
| 300 ## - PHYSICAL DESCRIPTION |
| Extent |
175 p.: |
| Other physical details |
Ill; |
| Dimensions |
27cm. |
| 653 ## - INDEX TERM--UNCONTROLLED |
| keyword |
New proficiency GOLD Exam maximizer |
| 653 ## - INDEX TERM--UNCONTROLLED |
| keyword |
ინგლისური გრამატიკა |
| 942 ## - ADDED ENTRY ELEMENTS (KOHA) |
| Koha item type |
წიგნი |
| Source of classification or shelving scheme |
|